000 00876nam a2200265 a 4500
008
020 _a075170301X (pbk. )
049 _aMAIN
090 _aHF5667 ASS
245 0 0 _aACCA Study Text, Certificate Paper 6:
_bthe audit framework international stream /
_cAssociation of Chartered Certified Accountants.
250 _a4th ed.
260 _aLondon :
_bBPP Publishing,
_c2000.
300 _axx, 508 p. :
_bill. ;
_c30 cm.
440 _aBPP Publishing Books.
500 _aIncludes index.
500 _a"For December 2000 and June 2001 exams."
650 0 _aAuditing.
650 0 _aAuditing
_vProblems, exercises, etc.
710 2 _aAssociation of Chartered Certified Accountants.
907 _a.b10242612
_b19-10-11
_c04-05-07
003
005 20230123134438.0
040 _cNUST
942 _cBOOKS
_kHF5667 ASS
999 _c166063
_d166063